1160 1953 1364 1679 1267 1277 1209 1511 1645 1676 1602 1367 1082 1141 1655 1494 1339 1771 1478 1214 1794 1605 1663 1417 1920 1035 1500 1141 1569 1727 1917 1039 1667 1960 1261 1892 1665 1056 1612 1635 1568 1052 1073 1651 1477 1866 1599 1650 1717 1411 1782 1031 1799 1774 1563 1942 1079 1199 1187 1795 1227 1058 1566 1091 1317 1260 1805 1546 1381 1013 1730 1075 1949 1962 1125 1802 1416 1178 1569 1265 1773 1985 1818 1180 1851 1143 1148 1389 1495 1233 1106 1973 1896 1504 1421 1349 1295 1772 1865 BCNSPRNW ULIB Ver.6.0+V

เปลี่ยนเป็นภาษาไทย

Change to English
 แสดงรายละเอียดบรรณานุกรม
  กลับหน้าหลัก

Brief Record : Get Marc (ISO 2709) : E-mail record : QR code < ปิดหน้าต่าง
LEADER : 00000nam 2200000uu 4500
001    13399110682
003     ULIB
008    110607s2547||||th 000 0 tha d
020    9748317919
024    9789748317915
060 04 WT120^bบ184ค 2547
100 0  บรรลุ ศิริพานิช
245 10 คู่มือผู้สูงอายุฉบับสมบูรณ์ /^cโดย บรรลุ ศิริพานิช
250    พิมพ์ครั้งที่ 19
260    กรุงเทพฯ :^bหมอชาวบ้าน,^c2547
300    137 หน้า :^bภาพประกอบ ;^c22 ซม.
650  7 ผู้สูงอายุ
650  7 ผู้สูงอายุ^xการดูแล
945    ^p95^l0^i017664
945    ^p95^l0^i017665
995    เกษร
999 ^a ใช้งานได้ทุกระบบ
รายการนี้ยังไม่มีแท็ก
คุณยังไม่ได้ล็อกอิน คุณสามารถมีกิจกรรมร่วมกับเว็บไซต์ได้ แต่ต้องล็อกอินก่อน ::
  ล็อกอิน

รายการสื่อสารสนเทศ

ลำดับที่ ประเภท เลขเรียก/บาร์โค้ด สถานที่ สถานะ
- ไม่พบข้อมูล -

รายการใกล้เคียง
    ผู้แต่ง [บรรลุ ศิริพานิช]

    หัวเรื่อง [ผู้สูงอายุ]
    หัวเรื่อง [ผู้สูงอายุ การดูแล]

BibComment


ยังไม่เคยถูกคอมเมนท์

คอมเมนท์ทรัพยากรรายการนี้
  คอมเมนท์: คู่มือผู้สูงอายุฉ..


 Copyright 2026. Bcnsprnw @Library